Kde sú problémy a ako ich riešiť.

Zhodnotenie ankety usporiadanej týždenníkom HN medzi predsedami okresných privatizačných komisií v SR, ktorí odpovedali na otázky, či prebieha privatizácia pomaly alebo rýchlo, či organizácie sabotujú zaraďovanie prevádzkových jednotiek do dražieb, či by pomohlo pokutovanie riaditeľov takýchto organ...

Descrizione completa

Salvato in:
Dettagli Bibliografici
Autore principale: Klačanský, Ivan
Natura: Capitolo di libro
Lingua:slovacco
Soggetti:
Tags: Aggiungi Tag
Nessun Tag, puoi essere il primo ad aggiungerne!!

MARC

LEADER 00000naa a2200000 4500
001 r004570
005 20221125080042.9
041 0 |a slo 
044 |a [CS] 
245 1 0 |a Kde sú problémy a ako ich riešiť.  |c I. Klačanský 
520 |a Zhodnotenie ankety usporiadanej týždenníkom HN medzi predsedami okresných privatizačných komisií v SR, ktorí odpovedali na otázky, či prebieha privatizácia pomaly alebo rýchlo, či organizácie sabotujú zaraďovanie prevádzkových jednotiek do dražieb, či by pomohlo pokutovanie riaditeľov takýchto organizácií a či sú v danom legislatívnom stave možnosti uskutočniť malú privatizáciu v plánovanom čase. 
610 2 0 |a privatizácia 
610 2 0 |a Slovensko 
610 2 0 |a reformy hospodárske 
100 1 |a Klačanský, Ivan